Statistics for Japanese Cities by Map

Click here to take the quiz!

General Stats

  • This quiz has been taken 879 times
  • The average score is 8 of 10

Answers on the Map

Answers color-coded by a green-red scale on the quiz's map according to % correct below.
 

Answer Stats

Cities% Correct
Tokyo
100%
Osaka
94%
Kyoto
89%
Hiroshima
88%
Sapporo
87%
Nagasaki
82%
Nagoya
78%
Fukuoka
66%
Sendai
58%
Naha
45%

Score Distribution

Percentile by Number Answered

Percent of People with Each Score

Your Score History

You have not taken this quiz